Vysoký verejný dlh a finančná kríza

Vysoký verejný dlh a jeho vplyv na ekonomickú aktivitu danej krajiny. Obava MMF pred vysokým zadlžením vznikajúcich trhových ekonomík. Prehľad podielu verejného dlhu k HDP z hľadiska celých regiónov. Stratégie na znižovanie dlhov.

Salvato in:
Dettagli Bibliografici
Autore principale: Kišš, Štefan
Natura: Capitolo di libro
Lingua:slovacco
Soggetti:
Tags: Aggiungi Tag
Nessun Tag, puoi essere il primo ad aggiungerne!!

MARC

LEADER 00000naa$a2200000$$$4500
001 0002408
005 20230925124043.3
041 0 |a slo 
044 |a SK 
245 1 0 |a Vysoký verejný dlh a finančná kríza  |c aut. Štefan Kišš 
520 |a Vysoký verejný dlh a jeho vplyv na ekonomickú aktivitu danej krajiny. Obava MMF pred vysokým zadlžením vznikajúcich trhových ekonomík. Prehľad podielu verejného dlhu k HDP z hľadiska celých regiónov. Stratégie na znižovanie dlhov. 
610 2 0 |a dlhy 
610 2 0 |a dlhy verejné 
610 2 0 |a kríza finančná 
610 2 0 |a zadlženosť 
610 2 0 |a politika fiškálna 
610 2 0 |a Medzinárodný menový fond 
610 2 0 |a financovanie 
610 2 0 |a Európska únia 
610 2 0 |a Afrika 
610 2 0 |a Ázia 
610 2 0 |a Latinská Amerika 
100 1 |a Kišš, Štefan